| 000 | 00685nam a22002177a 4500 | ||
|---|---|---|---|
| 999 |
_c15153 _d15153 |
||
| 003 | AR-CdUCM | ||
| 008 | 190426b ||||| |||| 00| 0 spa d | ||
| 040 |
_aMUNICIPALIDAD PROVINCIAL DEL CUSCO _cBIBLIOTECA MUNICIPAL DEL CUSCO |
||
| 082 |
_aPI / 376.12 / _bE23 |
||
| 245 | _aMi primer álbum de fotos / | ||
| 260 |
_aEspaña : _bEdebé. |
||
| 300 |
_bilustraciones, _c16 cm. |
||
| 500 | _aObjeto libro. | ||
| 650 |
_aAprendizaje infantil _933271 |
||
| 650 |
_aPrimera infancia _924660 |
||
| 650 |
_aLibro álbum _934174 |
||
| 700 |
_aGregoire, Marie Héléne (ilustración) _934175 |
||
| 710 |
_aGrupo Edebé (España) _934176 |
||
| 942 |
_2ddc _cLIBROS |
||
| 945 |
_aachl _d2019-04-26 |
||